00951nam a2200241 a 4500001001000000003000500010005001700015008004100032010001100073011001100084040000900095100003000104245019300134260004100327500006000368502009000428650002300518650002200541650002300563700003700586856001600623856007000639000112142CHAP20220329144248.0151208s2015 mx a |sm |||||||spa d a108603 a109575 cCHAP1 aCanche Mis, José Ismael10aComparación en la determinación de calcio en diferentes tipos de quesos, por calcinación y titulaciónh[En línea]cpor José Ismael Canche Mis y Irais Berenice López Arellano. aChapingo, Méx. :bEl autor,c2015. aPara ver el contenido del material haga clic en la liga aTesis (Ingeniero Agroindustrial) -- UACH. Departamento de Ingeniería Agroindustrial14aQuesoxAnálisis.14aQuesoxCalcio en.14aQuesoxVariedades.1 aLópez Arellano, Irais Berenice a1 n0001226 aFinding aiduhttp://10.13.5.2/tesis/sist112142.pdfzTeclea aquí